000 00399nam a22001697a 4500
005 20160614150650.0
008 160614b xxu||||| |||| 00| 0 eng d
020 _a978-81-203-2767-2
041 _aeng
082 _b7506
100 _aPanneerselvam, R
_91907
245 _aProduction and Operations Management
260 _bPHI
_c2010
300 _a514
650 _aManagement
_9241
942 _cBK
999 _c2683
_d2682